लोड हो रहा है...

THEORY AND PROBLEMS OF STATISTICS

ग्रंथसूची विवरण
मुख्य लेखक: SPIEGEL,Murray.R
स्वरूप: Printed Book
प्रकाशित: NEW YORK Mc GRAW-HILL BOOK COMPANY,INC 1961
विषय:
LEADER 00516nam a2200205 4500
020
037
082 |a 310 SPI 
100 |a SPIEGEL,Murray.R 
245 |a THEORY AND PROBLEMS OF STATISTICS  |h English 
250
260 |a NEW YORK  |b Mc GRAW-HILL BOOK COMPANY,INC  |c 1961 
300 |a 359  |f HB 
500
590
630
650 |a STATISTIcs 
942 |c REF 
999 |c 168439  |d 168439 
952 |0 0  |1 0  |4 0  |6 310_000000000000000_SPI  |7 0  |9 181880  |a BOT  |b BOT  |l 0  |o 310 SPI  |p BOT3531  |r 2019-10-25  |w 2019-10-25  |y REF